La seducción de la clase obrera : (Registro nro. 21782)
[ vista simple ]
| 000 -Cabecera | |
|---|---|
| Campo de control interno | 01014nam a2200265Ia 4500 |
| 005 - Fecha y hora del registro | |
| control field | 20260320113312.0 |
| 008 - Elementos de Longitud Fija | |
| fixed length control field | 260320s9999||||xx |||||||||||||| ||und|| |
| 020 ## - ISBN | |
| ISBN | 9789972515613 |
| 041 ## - Idioma | |
| Codigo Idioma | ESP |
| 082 ## - DEWEY y NOTACIÓN INTERNA | |
| Dewey | 331.0985 |
| Notación Interna | D274 |
| 100 ## - AUTOR | |
| Autor denominación | Drinot, Paulo, |
| Término de relación | autor |
| 245 #0 - TÍTULO DE MATERIAL BIBLIOGRÁFICO | |
| Título | La seducción de la clase obrera : |
| Título paralelo | trabajadores, raza y la formación del Estado peruano |
| 246 ## - TÍTULO TRADUCIDO | |
| Título | The allure of labor : |
| Título paralelo | workers, race, and the making of the peruvian State |
| Autor | |
| 250 ## - EDICIÓN | |
| Edición | Primera edición |
| 260 ## - CIUDAD, EDITORIAL, AÑO | |
| Ciudad | Lima : |
| Nombre de la Editorial | IEP Instituto de Estudios Peruanos, |
| Año | 2016 |
| 300 ## - DESCRIPCIÓN | |
| N° Páginas | 325 páginas : |
| Otros detalles | ilustraciones, fotografías ; |
| Dimensiones | 24 cm. |
| Material Adicional | |
| 440 ## - MENCIÓN DE SERIE | |
| Título de la Serie | (Perú problema |
| Número de Serie | ; número 44) |
| Volumen de Serie | |
| 650 ## - TEMAS | |
| Temas | Ciencias Sociales |
| 653 ## - DESCRIPTORES | |
| Lenguajes no controlado | Política laboral; Clase obrera; Perú - Política y gobierno - Siglo XX; Relaciones raciales |
| 654 ## - PROGRAMAS | |
| Programa | Dpto. de Humanidades |
| 700 ## - OTROS AUTORES | |
| Otros autores | Hidalgo W., Óscar, |
| Títulos y otras palabras asociadas con el nombre | traductor |
| 856 ## - URL - UBICACIÓN | |
| URI/URL: Enlace exacto del recurso | <a href="https://www-jstor-org.ucsp.lookproxy.com/">https://www-jstor-org.ucsp.lookproxy.com/</a> |
| Nota pública: Versión digital | <a href="Véase además: Base de datos JSTOR">Véase además: Base de datos JSTOR</a> |
| 942 ## - ELEMENTOS DE KOHA | |
| Tipo de documento | Libro |
| Nombre del creador | Justo Noguera |
| Código de catalogador | Margarita Torres |
| Esquema de clasificación | Dewey Decimal Classification |
| Suppress in OPAC | |
| Codigo completo | Registro | Colección | Copia número | Disponibilidad | Tipo de préstamo | Biblioteca Actual | Procedencia (Biblioteca) | Ubicacón | Fecha Ingreso | Tipo de Adquisición | Date last seen | Total checkouts | Price effective from | Tipo de Item | Estado del Material | Fuente de Clasificación | Damaged status | Withdrawn status |
|---|---|---|---|---|---|---|---|---|---|---|---|---|---|---|---|---|---|---|
| 331.0985 D274 | 1085342 | Universidad Católica San Pablo | 1 | Disponible | Disponible | Víctor Andrés Belaunde | Víctor Andrés Belaunde | Planta baja abierta | 07/04/2026 | Compra | 07/04/2026 | 07/04/2026 | Libro | Bueno | Dewey Decimal Classification |




